000 00641nam a2200181Ia 4500
003 GCL
008 140319s9999 xx 000 0 ara d
040 _aGCL /
_cGCL
082 0 4 _a228.1
_bا ح
100 1 _aعبدالعال سالم مكرم
245 1 0 _aالحجة فى القراءات السبع /
_cعبدالعال سالم مكرم
700 1 _aابن خالوية : ابوعبدالله الحسين بن احمد بن خالوية بن حمدانى الهمذانى
300 _a416 ص
490 _aكتاب
_v0
650 0 4 _aالاسلام
650 0 4 _aالقران، القراءات والتجويد
942 _2ddc
_cBK
999 _c42175
_d42175